000 00275nam a22001217a 4500
008 181025b xxu||||| |||| 00| 0 eng d
041 _aeng
080 _a541
100 _a11
101 _aBIO
245 _aInvestigating Biology Lab Manual
_cJudith.G.M
942 _2udc
_cBK
999 _c50905
_d50905